000 00735nam a2200241Ia 4500
003 OSt
005 20220923221727.0
006 a|||||r|||| 00| 0
007 ta
008 220922b |||||||| |||| 00| 0 hin d
024 _a199,632
037 _cTextual
040 _aARTS
_cARTS
_bhin
041 _2hin
_ahin
082 _aQ2:332(Y15), M5-;1
100 _aदेवसेर, विभा
245 0 _aभारतीय संत महिलाएं
246 _aBhāratīya santa hinilāean
260 _aदिल्ली
_b आर्य प्रका0
_c1985
300 _a63पृ.
_ccm.
942 _hQ2:332(Y15), M5-;1
_cTEXL
_2CC
999 _c351371
_d351371